[Event "Quebec-ch U20"]
[Site "Montreal CAN"]
[Date "2002.05.11"]
[Round "3"]
[White "Roussel-Roozmon, Thomas"]
[Black "Bachand-Fleurent, Julien"]
[Result "1-0"]
[WhiteElo "2303"]
[BlackElo "2088"]
[PlyCount "61"]
[EventDate "2002.05.10"]
[EventType "tourn"]
[EventRounds "5"]
[EventCountry "CAN"]

1. d4 d5 2. c4 c6 3. Nf3 Nf6 4. e3 e6 5. Qc2 Be7 6. Nbd2 Nbd7 7. b3 b6 8. Bd3
Bb7 9. O-O Rc8 10. Bb2 O-O 11. Ne5 h6 12. e4 c5 13. Nxd7 Nxd7 14. exd5 exd5 15.
dxc5 dxc4 16. Nxc4 Nxc5 17. Bh7+ Kh8 18. Bf5 Rc6 19. Rad1 Qa8 20. Ne5 Rd6 21.
Rxd6 Bxd6 22. f3 Bc8 23. Ng4 f6 24. Rd1 Bf4 25. b4 Nb7 26. Nxf6 gxf6 27. Bxc8
Nd6 28. Qg6 Be3+ 29. Kh1 Qxc8 30. Bxf6+ Rxf6 31. Qxf6+ 1-0

[Event "Quebec-ch U20"]
[Site "Montreal CAN"]
[Date "2002.05.12"]
[Round "4"]
[White "Moskvitch, Andrei"]
[Black "Roussel-Roozmon, Thomas"]
[Result "0-1"]
[WhiteElo "2179"]
[BlackElo "2303"]
[PlyCount "110"]
[EventDate "2002.05.10"]
[EventType "tourn"]
[EventRounds "5"]
[EventCountry "CAN"]

1. e4 e5 2. Nf3 Nf6 3. Nxe5 d6 4. Nf3 Nxe4 5. Qe2 Qe7 6. d3 Nf6 7. Bg5 Qxe2+ 8.
Bxe2 Be7 9. Nc3 Bg4 10. h3 Bh5 11. g4 Bg6 12. Nd4 Nbd7 13. f4 h6 14. Bh4 O-O-O
15. Bf3 Rde8 16. O-O-O Ne4 17. Bxe4 Bxh4 18. f5 Bh7 19. Nf3 Bd8 20. d4 a6 21.
Rde1 Nf6 22. Bd3 b5 23. a4 c6 24. Ne4 Nxe4 25. Bxe4 Kc7 26. d5 c5 27. axb5 axb5
28. h4 g6 29. f6 Bxf6 30. g5 Bg7 31. h5 hxg5 32. hxg6 Bxg6 33. Bxg6 fxg6 34.
Kd1 Bxb2 35. Nxg5 Rxh1 36. Rxh1 Re5 37. Ne6+ Kb6 38. Nf4 g5 39. Nd3 Rxd5 40.
Ke2 Bd4 41. Kf3 Bc3 42. Ke4 Rd4+ 43. Ke3 b4 44. Rh6 Kb5 45. Rg6 Rd5 46. Ke4 Kc4
47. Rg8 Rxd3 48. cxd3+ Kb3 49. Rxg5 Kc2 50. d4 b3 51. dxc5 b2 52. cxd6 b1=Q 53.
Rc5 Qb7+ 54. Rd5 Bf6 55. d7 Kc3 0-1

[Event "Quebec-ch U20"]
[Site "Montreal CAN"]
[Date "2002.05.12"]
[Round "5"]
[White "Roussel-Roozmon, Thomas"]
[Black "Caire, Francois"]
[Result "1-0"]
[WhiteElo "2303"]
[BlackElo "2095"]
[PlyCount "83"]
[EventDate "2002.05.10"]
[EventType "tourn"]
[EventRounds "5"]
[EventCountry "CAN"]

1. d4 Nf6 2. c4 e6 3. Nc3 Bb4 4. Qc2 O-O 5. a3 Bxc3+ 6. Qxc3 Qe8 7. g3 d6 8.
Bg2 e5 9. dxe5 Qxe5 10. Qxe5 dxe5 11. Nf3 Re8 12. O-O Nc6 13. Rd1 a5 14. b3 Bf5
15. Ra2 Rad8 16. Rxd8 Rxd8 17. Rd2 Rxd2 18. Nxd2 Nd4 19. Kf1 b6 20. Bb2 Nd7 21.
e3 Ne6 22. Ne4 f6 23. b4 axb4 24. axb4 Kf8 25. Ke2 c5 26. b5 Bxe4 27. Bxe4 h6
28. f4 Ke7 29. Bc6 exf4 30. gxf4 Ndf8 31. Kf3 Nd8 32. Bd5 Nf7 33. Bxf7 Kxf7 34.
Ke4 Ke6 35. f5+ Kd6 36. Bc3 Nh7 37. h4 Nf8 38. Be1 Nh7 39. Bg3+ Kd7 40. Kd5 Nf8
41. Bf4 h5 42. Bd6 1-0

[Event "Laval XIX"]
[Site "Laval CAN"]
[Date "2002.04.19"]
[Round "1"]
[White "Roussel-Roozmon, Thomas"]
[Black "Pitre, Francois"]
[Result "1-0"]
[WhiteElo "2294"]
[BlackElo "2083"]
[PlyCount "51"]
[EventDate "2002.04.19"]
[EventType "swiss"]
[EventRounds "5"]
[EventCountry "CAN"]

1. d4 d5 2. c4 e6 3. Nc3 Nf6 4. cxd5 exd5 5. Bg5 Be7 6. e3 Nbd7 7. Qc2 O-O 8.
Bd3 c6 9. Nf3 Re8 10. O-O Nf8 11. Rae1 Ne4 12. Bxe7 Qxe7 13. Bxe4 dxe4 14. Nd2
b6 15. Qa4 a5 16. Qxc6 Ba6 17. Nd5 Qa7 18. Qxb6 Bxf1 19. Kxf1 Qd7 20. Nc3 Reb8
21. Qc5 Rxb2 22. Ndxe4 Qe6 23. Kg1 Rc2 24. Qb5 Rxa2 25. Nc5 Rb8 26. Qxb8 1-0

[Event "Laval XIX"]
[Site "Laval CAN"]
[Date "2002.04.20"]
[Round "2"]
[White "Trinh, Tri Bao"]
[Black "Roussel-Roozmon, Thomas"]
[Result "1/2-1/2"]
[WhiteElo "2076"]
[BlackElo "2294"]
[PlyCount "37"]
[EventDate "2002.04.19"]
[EventType "swiss"]
[EventRounds "5"]
[EventCountry "CAN"]

1. e4 c5 2. c3 Nf6 3. e5 Nd5 4. d4 cxd4 5. Nf3 Nc6 6. cxd4 e6 7. Nc3 Nxc3 8.
bxc3 d6 9. exd6 Bxd6 10. Bd3 O-O 11. O-O Be7 12. Qe2 Bf6 13. Ne5 g6 14. Nxc6
bxc6 15. Be4 Bd7 16. Bf4 Re8 17. Be5 Bxe5 18. dxe5 Qa5 19. Bf3 1/2-1/2

[Event "Laval XIX"]
[Site "Laval CAN"]
[Date "2002.04.20"]
[Round "3"]
[White "Roussel-Roozmon, Thomas"]
[Black "Cloutier, Mario"]
[Result "1-0"]
[WhiteElo "2294"]
[BlackElo "1990"]
[PlyCount "41"]
[EventDate "2002.04.19"]
[EventType "swiss"]
[EventRounds "5"]
[EventCountry "CAN"]

1. d4 d5 2. c4 c6 3. Nc3 Nf6 4. cxd5 cxd5 5. Bf4 Nc6 6. e3 Bf5 7. Nf3 e6 8. Bb5
Rc8 9. Ne5 Qb6 10. O-O Be7 11. Bxc6+ bxc6 12. Na4 Qb5 13. Qb3 Ne4 14. Rfc1 Qxb3
15. axb3 Nd2 16. Rc3 Bb4 17. Rxc6 Rxc6 18. Nxc6 Nxb3 19. Ra2 Bd2 20. Nc5 Nxc5
21. dxc5 1-0

[Event "Laval XIX"]
[Site "Laval CAN"]
[Date "2002.04.21"]
[Round "4"]
[White "Roussel-Roozmon, Thomas"]
[Black "Voskanyan, Vahagn"]
[Result "1/2-1/2"]
[WhiteElo "2294"]
[BlackElo "2347"]
[PlyCount "37"]
[EventDate "2002.04.19"]
[EventType "swiss"]
[EventRounds "5"]
[EventCountry "CAN"]

1. d4 Nf6 2. c4 e6 3. Nc3 d5 4. cxd5 exd5 5. Bg5 Nbd7 6. e3 Be7 7. Qc2 Nf8 8.
Bd3 Ne6 9. Bh4 c6 10. Nge2 g6 11. O-O O-O 12. f3 c5 13. dxc5 Nxc5 14. Rad1 Be6
15. Nf4 Rc8 16. Be2 Ncd7 17. Qb3 Nc5 18. Qc2 Ncd7 19. Qb3 1/2-1/2

[Event "Laval XIX"]
[Site "Laval CAN"]
[Date "2002.04.21"]
[Round "5"]
[White "Masse, Hugues"]
[Black "Roussel-Roozmon, Thomas"]
[Result "0-1"]
[WhiteElo "2090"]
[BlackElo "2294"]
[PlyCount "124"]
[EventDate "2002.04.19"]
[EventType "swiss"]
[EventRounds "5"]
[EventCountry "CAN"]

1. e4 c5 2. Nf3 e6 3. d4 cxd4 4. Nxd4 a6 5. Nc3 Qc7 6. Be2 Nf6 7. O-O d6 8. Be3
b5 9. a3 Bb7 10. f3 Be7 11. Qd2 O-O 12. Rad1 Rd8 13. Rfe1 Nbd7 14. Bf1 Ne5 15.
Kh1 Nc4 16. Bxc4 Qxc4 17. Qe2 Qc7 18. Bf2 Re8 19. Nb1 Bf8 20. c3 e5 21. Nf5 d5
22. Ng3 Rad8 23. Nd2 Rd7 24. Ndf1 dxe4 25. Rxd7 Qxd7 26. fxe4 Qc6 27. h3 a5 28.
Nh2 b4 29. axb4 axb4 30. Ng4 Nxg4 31. Qxg4 bxc3 32. bxc3 Qxc3 33. Qe2 g6 34.
Qe3 Qxe3 35. Bxe3 Rc8 36. Bb6 Rc4 37. Bd8 Kg7 38. Rf1 Rc6 39. Rb1 Bc8 40. Rb5
Bd6 41. Kh2 f5 42. exf5 gxf5 43. Bb6 e4 44. Bd4+ Kg6 45. Be5 Bxe5 46. Rxe5 Rc2
47. Re8 Bd7 48. Re7 Bc6 49. Ne2 Rxe2 50. Re6+ Kg5 51. Rxc6 Ra2 52. h4+ Kf4 53.
h5 e3 54. Re6 Ra4 55. Kg1 Re4 56. Rxe4+ Kxe4 57. Kf1 Kd3 58. Ke1 f4 59. h6 e2
60. g4 f3 61. g5 Ke3 62. g6 f2# 0-1

[Event "CAN-ch"]
[Site "Richmond CAN"]
[Date "2002.03.22"]
[Round "2.18"]
[White "Leblanc, Paul"]
[Black "Roussel-Roozmon, Thomas"]
[Result "0-1"]
[WhiteElo "2085"]
[BlackElo "2207"]
[PlyCount "102"]
[EventDate "2002.03.21"]
[EventType "swiss"]
[EventRounds "11"]
[EventCountry "CAN"]

1. d4 Nf6 2. Nf3 e6 3. Bg5 h6 4. Bh4 g5 5. Bg3 Ne4 6. Nbd2 Nxg3 7. hxg3 Bg7 8.
c3 d6 9. e3 Nc6 10. Bd3 Bd7 11. Qc2 f5 12. e4 Qe7 13. O-O-O fxe4 14. Bxe4 O-O-O
15. d5 Ne5 16. dxe6 Qxe6 17. Kb1 Nxf3 18. gxf3 d5 19. Bg6 Rhf8 20. Ka1 Rf6 21.
Rhe1 Qb6 22. Bh5 Qxf2 23. Re7 Bf8 24. Rxd7 Rxd7 25. Bg4 Rfd6 26. Bxd7+ Rxd7 27.
Qf5 Bg7 28. Qe6 d4 29. Qg8+ Rd8 30. Qxg7 Qe2 31. Rh1 Qxd2 32. cxd4 Qxd4 33.
Qxd4 Rxd4 34. Kb1 Rd3 35. Rf1 Rd2 36. f4 Rg2 37. Rf3 Kd7 38. a3 c5 39. Ka2 b5
40. Kb3 Kc6 41. Kc3 a5 42. Kb3 c4+ 43. Kc3 Kc5 44. b4+ cxb3 45. Kxb3 a4+ 46.
Kc3 Ra2 47. Rf1 Rxa3+ 48. Kd2 g4 49. f5 Rf3 50. Rxf3 gxf3 51. f6 Kd6 0-1

[Event "CAN-ch"]
[Site "Richmond CAN"]
[Date "2002.03.23"]
[Round "3.10"]
[White "Roussel-Roozmon, Thomas"]
[Black "Herder, David"]
[Result "0-1"]
[WhiteElo "2207"]
[BlackElo "2273"]
[PlyCount "138"]
[EventDate "2002.03.21"]
[EventType "swiss"]
[EventRounds "11"]
[EventCountry "CAN"]

1. d4 e6 2. c4 b6 3. Nc3 Bb7 4. Qc2 f5 5. e3 Nf6 6. f3 c5 7. dxc5 Bxc5 8. Nh3
O-O 9. Be2 Ng4 10. Nd1 Qh4+ 11. Kf1 Nc6 12. Bd2 a5 13. Nhf2 Nge5 14. Be1 Qh6
15. Nd3 Nxd3 16. Qxd3 d6 17. Bf2 Ne5 18. Qd2 Rfc8 19. b3 Qf6 20. Qb2 Nd7 21.
Qxf6 Nxf6 22. Nc3 Kf7 23. Bd3 d5 24. Na4 Ba6 25. Nxc5 Rxc5 26. e4 Rc6 27. exf5
exf5 28. Rc1 g6 29. Ke2 Rac8 30. Kd2 dxc4 31. Bxc4+ Bxc4 32. bxc4 Rd8+ 33. Kc3
b5 34. c5 Nd7 35. Rhd1 Nxc5 36. Rxd8 Ne6+ 37. Kb2 Nxd8 38. Rd1 Re6 39. Bg3 Re2+
40. Kc3 Nc6 41. Rd7+ Kg8 42. Rd2 Rxd2 43. Kxd2 Kf7 44. a3 Ke6 45. Ke3 g5 46.
Kd3 Kd5 47. Bc7 h5 48. h3 Ne5+ 49. Kc3 Nc6 50. Kd3 h4 51. Bb6 b4 52. a4 Ne5+
53. Kc2 Nc6 54. Kd3 f4 55. Bc7 Kc5 56. Kc2 Kc4 57. Bd6 b3+ 58. Kb2 Nb4 59. Be7
Nd3+ 60. Kb1 Ne1 61. Bxg5 Nxg2 62. Be7 Kc3 63. Kc1 Ne1 64. Bxh4 b2+ 65. Kb1
Nxf3 66. Bf6+ Nd4 67. Bh4 f3 68. Be1+ Kb3 69. h4 Ne2 0-1

[Event "CAN-ch"]
[Site "Richmond CAN"]
[Date "2002.03.24"]
[Round "4.13"]
[White "Zubac, Marius"]
[Black "Roussel-Roozmon, Thomas"]
[Result "1/2-1/2"]
[WhiteElo "2231"]
[BlackElo "2207"]
[PlyCount "90"]
[EventDate "2002.03.21"]
[EventType "swiss"]
[EventRounds "11"]
[EventCountry "CAN"]

1. d4 Nf6 2. f3 d5 3. Bg5 e6 4. Nh3 h6 5. Bh4 c5 6. c3 Nc6 7. Nf2 cxd4 8. cxd4
Qb6 9. Nd3 Nxd4 10. Bf2 Qa5+ 11. Nd2 Nc6 12. a3 Bd6 13. b4 Qd8 14. e4 dxe4 15.
fxe4 O-O 16. Be2 Ne5 17. Nb2 Ng6 18. O-O b6 19. Nbc4 Bc7 20. Qc2 Bb7 21. Rad1
Qe7 22. Bf3 Rac8 23. Qb2 e5 24. Ne3 Rfd8 25. Nf5 Qe6 26. Qb1 Bb8 27. a4 Qc6 28.
h4 Rd7 29. b5 Qc2 30. Qb4 Qc3 31. Qxc3 Rxc3 32. h5 Nf4 33. Nb1 Rcd3 34. Rxd3
Rxd3 35. Ne7+ Kf8 36. Nc6 Bxc6 37. bxc6 Bc7 38. a5 Ke7 39. axb6 axb6 40. Bh4
Kd6 41. Bxf6 gxf6 42. g3 Ne6 43. Kg2 Kxc6 44. Rc1+ Kb7 45. Be2 Rb3 1/2-1/2

[Event "CAN-ch"]
[Site "Richmond CAN"]
[Date "2002.03.24"]
[Round "5.13"]
[White "Roussel-Roozmon, Thomas"]
[Black "Huber, Greg"]
[Result "1/2-1/2"]
[WhiteElo "2207"]
[BlackElo "2303"]
[PlyCount "93"]
[EventDate "2002.03.21"]
[EventType "swiss"]
[EventRounds "11"]
[EventCountry "CAN"]

1. d4 Nf6 2. c4 c5 3. d5 e6 4. Nc3 exd5 5. cxd5 d6 6. e4 g6 7. Nf3 a6 8. a4 Bg4
9. Be2 Bg7 10. O-O O-O 11. h3 Bxf3 12. Bxf3 Nbd7 13. Bf4 Qe7 14. Qc2 Ne5 15.
Be2 Nfd7 16. Bh2 g5 17. Nd1 Ng6 18. Ne3 Rfe8 19. Bg4 Rad8 20. Nf5 Qxe4 21. Qxe4
Rxe4 22. Nxg7 Kxg7 23. Bxd6 Nde5 24. Bxc5 Nxg4 25. hxg4 Rxd5 26. f3 Rc4 27. b4
Nf4 28. Rfd1 Nd3 29. Rd2 Nf4 30. Rad1 Rxd2 31. Rxd2 a5 32. Be3 Rxb4 33. Bxf4
gxf4 34. Rd7 Kf6 35. Kh2 Ke6 36. Rc7 Rxa4 37. Rxb7 Ra2 38. Ra7 a4 39. Ra6+ Ke5
40. Ra7 Ke6 41. Ra6+ Ke5 42. Rh6 a3 43. Rxh7 f6 44. Ra7 Ra1 45. g3 fxg3+ 46.
Kxg3 a2 47. Kg2 1/2-1/2

[Event "CAN-ch"]
[Site "Richmond CAN"]
[Date "2002.03.26"]
[Round "6.14"]
[White "Hladek, David"]
[Black "Roussel-Roozmon, Thomas"]
[Result "0-1"]
[WhiteElo "2063"]
[BlackElo "2207"]
[PlyCount "86"]
[EventDate "2002.03.21"]
[EventType "swiss"]
[EventRounds "11"]
[EventCountry "CAN"]

1. Nf3 b6 2. g3 Bb7 3. Bg2 c5 4. c4 Nf6 5. Nc3 g6 6. O-O Bg7 7. b3 O-O 8. Bb2
Nc6 9. Rc1 d5 10. cxd5 Nxd5 11. Qc2 Nc7 12. d3 Qd7 13. Ne4 e5 14. Qb1 Ne6 15.
Rfe1 Rad8 16. Rcd1 Qe7 17. Ned2 Rd7 18. Nc4 f6 19. Bh3 Rfd8 20. Ba1 Qf7 21. Bb2
Re7 22. Bg2 Qe8 23. Ba1 Nc7 24. Bb2 Nd5 25. Qc1 Nd4 26. Qb1 f5 27. e4 Nb4 28.
Bxd4 cxd4 29. Nfd2 Qc6 30. a3 Na6 31. b4 Qf6 32. Rf1 f4 33. a4 Bc8 34. a5 b5
35. Na3 Bd7 36. Rc1 g5 37. f3 Qd6 38. Qa2+ Be6 39. Qb1 Rb8 40. Nc2 Rc7 41. Rfd1
Rc3 42. Bf1 Rbc8 43. Na3 Rxa3 0-1

[Event "CAN-ch"]
[Site "Richmond CAN"]
[Date "2002.03.27"]
[Round "7.9"]
[White "Roussel-Roozmon, Thomas"]
[Black "Berry, Jonathan"]
[Result "1/2-1/2"]
[WhiteElo "2207"]
[BlackElo "2379"]
[PlyCount "101"]
[EventDate "2002.03.21"]
[EventType "swiss"]
[EventRounds "11"]
[EventCountry "CAN"]

1. d4 Nf6 2. c4 c5 3. Nf3 cxd4 4. Nxd4 e5 5. Nb5 d5 6. cxd5 Bc5 7. N5c3 O-O 8.
h3 e4 9. g4 Re8 10. Bg2 e3 11. Bxe3 Bxe3 12. fxe3 Rxe3 13. Nd2 Na6 14. O-O h5
15. g5 Nh7 16. h4 Bg4 17. Nc4 Re8 18. d6 Be6 19. Nd5 Rc8 20. Ne7+ Rxe7 21. dxe7
Qxe7 22. Ne3 Rd8 23. Qc1 Qb4 24. Nf5 Bxf5 25. Rxf5 Qd4+ 26. Kf1 Qxh4 27. Qf4
Qxf4+ 28. Rxf4 Nc5 29. Rf5 Ne6 30. Bxb7 Nhxg5 31. Rc1 Rd2 32. Rb5 h4 33. Ke1
Rd4 34. Bd5 Nf4 35. Rc4 Rxd5 36. Rb8+ Kh7 37. Rxf4 h3 38. a4 Kg6 39. Rb5 Rd6
40. Rh4 f6 41. b4 f5 42. Ra5 a6 43. Rc5 Kf6 44. b5 axb5 45. axb5 Ke6 46. Rh8
Ne4 47. Rc6 Rxc6 48. bxc6 Kd6 49. Rxh3 Kxc6 50. Rd3 g5 51. e3 1/2-1/2

[Event "CAN-ch"]
[Site "Richmond CAN"]
[Date "2002.03.28"]
[Round "8.10"]
[White "Milicevic, Dragoljub"]
[Black "Roussel-Roozmon, Thomas"]
[Result "0-1"]
[WhiteElo "2323"]
[BlackElo "2207"]
[PlyCount "96"]
[EventDate "2002.03.21"]
[EventType "swiss"]
[EventRounds "11"]
[EventCountry "CAN"]

1. g3 e5 2. Bg2 d5 3. d3 g6 4. c4 dxc4 5. Qa4+ c6 6. Qxc4 Bg7 7. Nf3 Ne7 8. Nc3
Nd7 9. Ne4 Qc7 10. Nfg5 Nd5 11. Nxf7 Kxf7 12. Nc3 Qd6 13. Nxd5 cxd5 14. Bxd5+
Ke7 15. Bg2 Nb6 16. Qh4+ Kf7 17. O-O Re8 18. Be4 Kg8 19. Bh6 Nd5 20. Bxd5+ Qxd5
21. Rac1 Qd6 22. Bxg7 Kxg7 23. Qe4 Rb8 24. Rc3 Bd7 25. Rfc1 Bc6 26. Qh4 Qd5 27.
e4 Qxa2 28. b3 Qa3 29. f4 Qd6 30. Qg4 exf4 31. gxf4 Rf8 32. f5 Kh8 33. fxg6
Qxg6 34. Qxg6 hxg6 35. R1c2 Rbd8 36. Rf2 Kg7 37. Kf1 Rxf2+ 38. Kxf2 Rh8 39. Kg3
Kf6 40. Rc5 Rh5 41. Rxh5 gxh5 42. Kf4 a5 43. d4 b5 44. d5 Bxd5 45. exd5 a4 46.
bxa4 bxa4 47. Ke4 a3 48. d6 Ke6 0-1

[Event "CAN-ch"]
[Site "Richmond CAN"]
[Date "2002.03.30"]
[Round "10.8"]
[White "Wu, Howard"]
[Black "Roussel-Roozmon, Thomas"]
[Result "1/2-1/2"]
[WhiteElo "2230"]
[BlackElo "2207"]
[PlyCount "69"]
[EventDate "2002.03.21"]
[EventType "swiss"]
[EventRounds "11"]
[EventCountry "CAN"]

1. e4 c6 2. d4 d5 3. exd5 cxd5 4. c4 Nf6 5. Nc3 g6 6. Qb3 Bg7 7. cxd5 O-O 8.
Be2 Nbd7 9. Bf3 Nb6 10. Nge2 Bf5 11. O-O Qd7 12. a4 Nc8 13. Bf4 Nd6 14. Rfd1
Bg4 15. Bxg4 Nxg4 16. h3 Nf6 17. Ng3 Rfd8 18. Be5 Nde8 19. Rac1 Nxd5 20. Bxg7
Kxg7 21. Nce4 b6 22. Rc2 Nec7 23. Rdc1 Ne6 24. Ne2 Nf6 25. Nxf6 Kxf6 26. Rc6
Kg7 27. Qe3 Qd5 28. R6c4 Rd7 29. b3 Qd6 30. Rc6 Qd5 31. R6c4 Qd6 32. f4 Kg8 33.
Rc6 Qd5 34. R6c4 Qd6 35. Rc6 1/2-1/2

[Event "CMA Futurity"]
[Site "Montreal CAN"]
[Date "2002.01.23"]
[Round "1"]
[White "Roussel-Roozmon, Thomas"]
[Black "Lazarev, Vladimir"]
[Result "1/2-1/2"]
[WhiteElo "2140"]
[BlackElo "2461"]
[PlyCount "36"]
[EventDate "2002.01.23"]
[EventType "tourn"]
[EventRounds "9"]
[EventCountry "CAN"]
[EventCategory "3"]
[Source "Mark Crowther"]
[SourceDate "2002.02.11"]

1. Nf3 c5 2. c4 Nc6 3. d4 cxd4 4. Nxd4 Nf6 5. Nc3 e6 6. g3 Qb6 7. Ndb5 Ne5 8.
Bg2 a6 9. Qa4 Rb8 10. Be3 Bc5 11. Bxc5 Qxc5 12. Qa3 Qxa3 13. Nxa3 d6 14. O-O-O
Ke7 15. b3 Bd7 16. Nc2 Rhc8 17. Kb2 Rc7 18. Rd2 Bc6 1/2-1/2

[Event "CMA Futurity"]
[Site "Montreal CAN"]
[Date "2002.01.24"]
[Round "2"]
[White "Divljan, Igor"]
[Black "Roussel-Roozmon, Thomas"]
[Result "1/2-1/2"]
[WhiteElo "2258"]
[BlackElo "2140"]
[PlyCount "126"]
[EventDate "2002.01.23"]
[EventType "tourn"]
[EventRounds "9"]
[EventCountry "CAN"]
[EventCategory "3"]
[Source "Mark Crowther"]
[SourceDate "2002.02.11"]

1. d4 Nf6 2. c4 e6 3. Nc3 Bb4 4. e3 c5 5. Nge2 cxd4 6. exd4 O-O 7. a3 Be7 8.
Nf4 d5 9. cxd5 Nxd5 10. Ncxd5 exd5 11. Bd3 Nc6 12. O-O Bf6 13. Be3 g6 14. Bb5
Ne7 15. Qf3 Bg7 16. Rac1 Be6 17. Rfd1 Qb6 18. Qe2 Nf5 19. Qd3 Rac8 20. Ne2 Nd6
21. Ba4 Nc4 22. Qb3 Nxb2 23. Rf1 Nc4 24. Qxb6 Nxb6 25. Bb3 Nc4 26. a4 Rfd8 27.
Nf4 Rd6 28. Bd1 Rdc6 29. Bf3 Nxe3 30. Rxc6 Nxf1 31. Rxc8+ Bxc8 32. Kxf1 Bxd4
33. Bxd5 Kf8 34. Ke2 Ke7 35. h4 b6 36. Bb3 Bd7 37. Nd5+ Kd6 38. Nf4 f6 39. f3
g5 40. hxg5 fxg5 41. Nd3 Be6 42. Bc2 h5 43. Kd2 Bc4 44. Ke2 h4 45. Kd2 Bd5 46.
Nb4 Bb7 47. Bf5 a5 48. Nc2 Kc5 49. Bd7 Be5 50. Kd3 Bf4 51. Nd4 Kd5 52. Nb5 Be5
53. Na3 Bg3 54. Nb5 Be5 55. Na3 Bc6 56. Bxc6+ Kxc6 57. Kc4 Bh2 58. Nb5 Bg1 59.
Nc3 Be3 60. Ne4 Bc1 61. Nf2 Kd6 62. Kd4 Kc6 63. Nd3 Bf4 1/2-1/2

[Event "CMA Futurity"]
[Site "Montreal CAN"]
[Date "2002.01.25"]
[Round "3"]
[White "Roussel-Roozmon, Thomas"]
[Black "Gaspariants, Garry"]
[Result "1/2-1/2"]
[WhiteElo "2140"]
[BlackElo "2230"]
[PlyCount "54"]
[EventDate "2002.01.23"]
[EventType "tourn"]
[EventRounds "9"]
[EventCountry "CAN"]
[EventCategory "3"]
[Source "Mark Crowther"]
[SourceDate "2002.02.11"]

1. d4 Nf6 2. c4 e6 3. Nc3 Bb4 4. Qc2 d5 5. a3 Bxc3+ 6. Qxc3 c5 7. dxc5 d4 8.
Qc2 e5 9. e3 Nc6 10. Bd3 O-O 11. Ne2 Re8 12. Ng3 a5 13. b3 Qe7 14. Ne4 Nxe4 15.
Bxe4 h6 16. Bd5 Qxc5 17. e4 Be6 18. Qd3 Bxd5 19. cxd5 Na7 20. Bd2 Rec8 21. a4
b5 22. Ke2 b4 23. Rhc1 Qb6 24. Rxc8+ Rxc8 25. Rc1 Rxc1 26. Bxc1 Nc8 27. Qc4 Nd6
1/2-1/2

[Event "CMA Futurity"]
[Site "Montreal CAN"]
[Date "2002.01.26"]
[Round "4"]
[White "Voskanyan, Vahagn"]
[Black "Roussel-Roozmon, Thomas"]
[Result "1-0"]
[WhiteElo "2315"]
[BlackElo "2140"]
[PlyCount "57"]
[EventDate "2002.01.23"]
[EventType "tourn"]
[EventRounds "9"]
[EventCountry "CAN"]
[EventCategory "3"]
[Source "Mark Crowther"]
[SourceDate "2002.02.11"]

1. e4 c5 2. Nf3 e6 3. b3 a6 4. Bb2 d6 5. d4 cxd4 6. Nxd4 Nf6 7. Nd2 Be7 8. Bd3
Nbd7 9. c4 Qc7 10. Qe2 b6 11. O-O O-O 12. Rae1 Re8 13. f4 e5 14. Nf5 Bf8 15.
Bb1 Bb7 16. Kh1 Nc5 17. Qf2 Kh8 18. Qh4 Ne6 19. fxe5 dxe5 20. Nf3 Nd7 21. Ne3
Rac8 22. Nd5 Qb8 23. Qh5 f6 24. Nh4 b5 25. Qf7 Rcd8 26. Bc1 Bc5 27. Rf3 Ndf8
28. Nxf6 gxf6 29. Rg3 1-0

[Event "CMA Futurity"]
[Site "Montreal CAN"]
[Date "2002.01.27"]
[Round "5"]
[White "Roussel-Roozmon, Thomas"]
[Black "Schwartz, Ylan"]
[Result "1/2-1/2"]
[WhiteElo "2140"]
[BlackElo "2317"]
[PlyCount "45"]
[EventDate "2002.01.23"]
[EventType "tourn"]
[EventRounds "9"]
[EventCountry "CAN"]
[EventCategory "3"]
[Source "Mark Crowther"]
[SourceDate "2002.02.11"]

1. Nf3 d5 2. d4 Nf6 3. c4 dxc4 4. e3 Bg4 5. Bxc4 e6 6. O-O a6 7. Be2 Nc6 8. Nc3
Bd6 9. Kh1 O-O 10. e4 Bb4 11. e5 Nd5 12. Ne4 Nde7 13. a3 Ba5 14. Nc5 Rb8 15. h3
Bxf3 16. Bxf3 Qxd4 17. Nd7 Rbd8 18. Qxd4 Nxd4 19. Nxf8 Nxf3 20. gxf3 Rxf8 21.
Be3 Nd5 22. Rac1 c6 23. Rc4 1/2-1/2

[Event "CMA Futurity"]
[Site "Montreal CAN"]
[Date "2002.01.30"]
[Round "7"]
[White "Bluvshtein, Mark"]
[Black "Roussel-Roozmon, Thomas"]
[Result "1-0"]
[WhiteElo "2354"]
[BlackElo "2140"]
[PlyCount "65"]
[EventDate "2002.01.23"]
[EventType "tourn"]
[EventRounds "9"]
[EventCountry "CAN"]
[EventCategory "3"]
[Source "Mark Crowther"]
[SourceDate "2002.02.11"]

1. d4 Nf6 2. c4 e6 3. Nc3 Bb4 4. f3 d5 5. a3 Bxc3+ 6. bxc3 c5 7. cxd5 Nxd5 8.
dxc5 Nd7 9. e4 Ne7 10. Be3 O-O 11. Bb5 Qa5 12. Qb3 Qc7 13. Bxd7 Bxd7 14. Ne2 e5
15. c4 Nc6 16. Nc3 Nd4 17. Bxd4 exd4 18. Nd5 Qxc5 19. Qxb7 d3 20. Qb4 Qd4 21.
Qc3 Qc5 22. Qxd3 f5 23. Qe3 Qxc4 24. Rc1 Qb5 25. Nc7 Qa5+ 26. Qc3 Qxc3+ 27.
Rxc3 Rab8 28. O-O fxe4 29. fxe4 Rxf1+ 30. Kxf1 Rb2 31. e5 Kf8 32. e6 Bc8 33.
Rf3+ 1-0

[Event "CMA Futurity"]
[Site "Montreal CAN"]
[Date "2002.02.01"]
[Round "9"]
[White "Schleifer, Michael"]
[Black "Roussel-Roozmon, Thomas"]
[Result "1-0"]
[WhiteElo "2389"]
[BlackElo "2140"]
[PlyCount "33"]
[EventDate "2002.01.23"]
[EventType "tourn"]
[EventRounds "9"]
[EventCountry "CAN"]
[EventCategory "3"]
[Source "Mark Crowther"]
[SourceDate "2002.02.11"]

1. Nf3 Nf6 2. d4 e6 3. Bf4 b6 4. e3 Bb7 5. h3 c5 6. Bd3 d6 7. O-O Nbd7 8. Bh2
Ne4 9. c4 Be7 10. Bxe4 Bxe4 11. Nc3 Bxf3 12. Qxf3 g6 13. Rfd1 cxd4 14. Rxd4 Bf6
15. Rxd6 Bxc3 16. bxc3 Qe7 17. Qb7 1-0

[Event "Match (training)"]
[Site "Montreal CAN"]
[Date "2002.??.??"]
[Round "1"]
[White "Legky, Nikolay"]
[Black "Roussel-Roozmon, Thomas"]
[Result "1-0"]
[WhiteElo "2498"]
[BlackElo "2218"]
[PlyCount "103"]
[EventDate "2002.??.??"]
[EventType "match"]
[EventRounds "4"]
[EventCountry "CAN"]

1. d4 Nf6 2. c4 e6 3. Nc3 Bb4 4. e3 c5 5. Nge2 cxd4 6. exd4 O-O 7. a3 Be7 8. g3
d5 9. c5 b6 10. b4 a5 11. Rb1 axb4 12. axb4 bxc5 13. dxc5 Nc6 14. Bg2 Ne5 15.
O-O Nc4 16. Nd4 Qe8 17. Re1 Bb7 18. Bg5 Qc8 19. Bh3 Kh8 20. Ra1 Rxa1 21. Qxa1
h6 22. Bf4 Nh5 23. Be3 Nxe3 24. Rxe3 Qd7 25. Nce2 Nf6 26. Qc1 Qc7 27. Bxe6 fxe6
28. Nxe6 Qc6 29. N2d4 Qa4 30. Ra3 Qxb4 31. Rb3 Qa4 32. Rxb7 Ne4 33. Rxe7 Rxf2
34. Rxg7 Rd2 35. Rf7 Rd1+ 36. Qxd1 Qxd1+ 37. Rf1 Qd3 38. c6 Qe3+ 39. Kg2 Qd2+
40. Kg1 Qe3+ 41. Kh1 Nd6 42. c7 Kh7 43. Kg2 Qc3 44. Rf2 Qd3 45. Kh3 h5 46. Kh4
Qd1 47. h3 Kg6 48. Rf5 Nxf5+ 49. Nxf5 Kxf5 50. c8=Q Ke5 51. Nf4 Kd4 52. Qe6 1-0

[Event "Match (training)"]
[Site "Montreal CAN"]
[Date "2002.??.??"]
[Round "2"]
[White "Roussel-Roozmon, Thomas"]
[Black "Legky, Nikolay"]
[Result "0-1"]
[WhiteElo "2218"]
[BlackElo "2498"]
[PlyCount "64"]
[EventDate "2002.??.??"]
[EventType "match"]
[EventRounds "4"]
[EventCountry "CAN"]

1. c4 e6 2. Nc3 d5 3. d4 Nf6 4. Bg5 Nbd7 5. e3 h6 6. Bh4 Be7 7. Nf3 O-O 8. Rc1
a6 9. Bd3 dxc4 10. Bxc4 b5 11. Bd3 Bb7 12. O-O c5 13. Be2 Rc8 14. dxc5 Nxc5 15.
Nd4 Qb6 16. b4 Nce4 17. Nxe4 Rxc1 18. Qxc1 Bxe4 19. a3 Bd5 20. f3 Bc4 21. Bf2
Rc8 22. Qd2 Qd8 23. Rd1 Nd5 24. Rc1 Nb6 25. Bxc4 Nxc4 26. Qa2 Bf6 27. a4 Bxd4
28. exd4 Nb6 29. Rxc8 Qxc8 30. g3 Nxa4 31. d5 Nc3 32. Qc2 Qc4 0-1